000 00334nam a2200133Ia 4500
008 240624s9999 xx 000 0 und d
041 _aeng
082 _a658.314 FOY
100 _aFOY NANCY
245 _aEMPOWERIGN PEOPLE AT WORK
260 _c1996
_aMumbai
_bJaico Publishing House
300 _axx, : 268 : p. : cm. ; 24
365 _cRS
999 _c771
_d771